000 00577nam a2200205Ii 4500
001 5460
003 CO-ViMGA
008 241108s9999||||xx |||||||||||||| ||und||
040 _aCO-ViMGA
_bspa
_erda
_cCO-ViMGA
041 0 _aspa
084 _aP BOF2d
100 1 _aJaime Bofill
_948228
245 1 0 _aDe los primitivos al romanticismo
264 1 _aMadrid, España : José Janés, 1947
300 _avolumen
336 _atext
_btxt
_2rdacontent
337 _aunmediated
_bn
_2rdamedia
338 _avolume
_bnc
_2rdacarrier
940 _aidficha_siabuc: 5315. -- ficha_no_siabuc:5460
999 _c42869
_d42869